00453nam a2200121 a 4500008004100000050002200041110004700063245011400110260003700224300000900261350000900270650005200279110718s2011 ||||||||||||||||| || u aGOV.ZAM(02)2011/1 aGovernment of the Republic of Zambia (GRZ)10aSelected presidential speeches by his excellency Mr. Rupiah Bwezani Banda President of the Republic of Zambia aLusakabGovernment Printerc2011 a41p. a0.00 aPRESIDENTS--ZAMBIA--ADDRESSES, ESSAYS, LECTURES